000 00547nam a22001577a 4500
003 NUST
038 _aNusrat Nadeem
082 _a200
100 _aHameed, Adil
_9130783
245 _aDesign and Development of Miniaturized Controlled Radiation Pattern Antenna Array for GNSS Applications/
_cAdil Hameed,
264 _aIslamabad:
_bSEECS NUST.
_c2025.
650 _a MS-Electrical Engineering
_923567
700 _aSupervisor: Dr. Wasif Tanveer Khan
_9130784
856 _u http://10.250.8.41:8080/xmlui/handle/123456789/55347
942 _2ddc
_cSC
999 _c614964
_d614964